000 00719nam a2200217Ia 4500
003 GCL
008 140319s9999 xx 000 0 ara d
040 _aGCL /
_cGCL
082 0 4 _a301.1
_bم أ
100 1 _aمعتز سيد عبدالله
245 1 0 _aالاتجاهات التعصبية (عالم المعرفة137) /
_cمعتز سيد عبدالله
300 _a302 ص
490 _aعالم المعرفة
_v0
650 0 4 _aالعلاقات الانسانية
650 0 4 _aالبيئة والانسان
650 0 4 _aعلم النفس الاجتماعى
650 0 4 _aالتسامح الدينى
650 0 4 _aالتكيف الاجتماعى
650 0 4 _aالسلوك النفسى
942 _2ddc
_cBK
999 _c51495
_d51495